01012nam a2200241 a 4500001001000000003000500010005001700015008004100032010001100073011001100084040000900095100004100104245020700145260004100352500006000393502010900453650001600562650003000578650002700608650002400635650004100659856007000700000109399CHAP20220329144049.0140424s2013 mx a |sm |||||||spa|d a105861 a106833 cCHAP1 aVelázquez Cigarroa, Edwin Jocsán10aSensibilidad in vitro de Sclerotinia sclerotiorum (Lib.) de Bary a fungicidas y Trichoderma spp., aislado del cultivo de zanahoria (Daucus carota)h[En línea]cpor Edwin Jocsán Velázquez Cigarroa. aChapingo, Méx. :bEl autor,c2013. aPara ver el contenido del material haga clic en la liga aTesis (Ing. Agr. Esp. en Parasitología Agrícola) -- UACH. Departamento de Parasitología Agrícola14aFungicidas.14aSclerotinia sclerotiorum.14aTrichoderma harzianum.14aTrichoderma viride.14aZanahoriaxEnferemedades por hongos. aFinding aiduhttp://10.13.5.2/tesis/sist109399.pdfzTeclea aquí